Online katalóg knižníc regiónu Turca

Spisy P.O. Hviezdoslava v dvanástich zväzkoch (Record no. 21149)

MARC details
000 -LEADER
fixed length control field 00823nam a2200253 a 4500
001 - CONTROL NUMBER
control field 21149
003 - CONTROL NUMBER IDENTIFIER
control field VRT
005 - DATE AND TIME OF LATEST TRANSACTION
control field 20260217160655.0
008 - FIXED-LENGTH DATA ELEMENTS--GENERAL INFORMATION
fixed length control field 060711s1954 cs slo c
035 ## - SYSTEM CONTROL NUMBER
System control number UKB000298227
039 #9 - LEVEL OF BIBLIOGRAPHIC CONTROL AND CODING DETAIL [OBSOLETE]
Level of rules in bibliographic description 201910301012
Level of effort used to assign nonsubject heading access points AUTHORITY
Level of effort used to assign subject headings 200704131318
Level of effort used to assign classification zofia
040 ## - CATALOGING SOURCE
Original cataloging agency BAA001
Language of cataloging slo
Transcribing agency BAA001
Description conventions AACR2
041 1# - LANGUAGE CODE
Language code of text/sound track or separate title slo
044 ## - COUNTRY OF PUBLISHING/PRODUCING ENTITY CODE
MARC country code cs
ISO country code CS
100 0# - MAIN ENTRY--PERSONAL NAME
Personal name Hviezdoslav, Pavol Országh,
Dates associated with a name 1849-1921
245 00 - TITLE STATEMENT
Title Spisy P.O. Hviezdoslava v dvanástich zväzkoch
Number of part/section of a work 7. zväzok
Name of part/section of a work Prechádzky jarom - Prechádzky letom
260 ## - PUBLICATION, DISTRIBUTION, ETC.
Place of publication, distribution, etc. Bratislava
Name of publisher, distributor, etc. Slovenské vydavateľstvo krásnej literatúry
Date of publication, distribution, etc. 1954
300 ## - PHYSICAL DESCRIPTION
Extent 248 s
910 ## - USER-OPTION DATA (OCLC)
User-option data ukb
942 ## - ADDED ENTRY ELEMENTS (KOHA)
Source of classification or shelving scheme Dewey Decimal Classification
Koha item type Krásna literatúra pre dospelých
Suppress in OPAC No
949 ## - LOCAL PROCESSING INFORMATION (OCLC)
6 1800142663
a 20.D.03270
b KD.7317-64
949 ## - LOCAL PROCESSING INFORMATION (OCLC)
6 18001769696
a 20.D.03270
b KD.7165-64
949 ## - LOCAL PROCESSING INFORMATION (OCLC)
6 1800292653
a 20.D.03270
b K.3159-55
Holdings
Stav vyradenia Strata Poškodenie Spôsob nadobudnutia Domovská knižnica Aktuálna knižnica Dátum nadobudnutia Total checkouts Čiarový kód exemplára Date last seen Typ exemplára Verejná poznámka
      Dar Obecná knižnica Horná Štubňa Obecná knižnica Horná Štubňa 17.02.2026   4736201370 17.02.2026 Krásna literatúra pre dospelých VII. zväzok spisov
Projekt je podporený Slovenskou asociáciou knižníc
Prevádzkuje Turčianska knižnica Martin 2026